Защо трябва да мием зъбите си? (Запис номер 388805)
[ съкратено ]
| 000 -Лидер | |
|---|---|
| Контролно поле с фиксирана дължина | 01594nam a2200313 a 4500 |
| 003 - Код на организацията, давaща контролен номер | |
| Контролно поле | BLK |
| 005 - Дата и час на последна редакция | |
| Контролно поле | 20250701181851.0 |
| 008 - Елементи от данни с фиксирана дължина | |
| fixed length control field | 200925b bu |||||r|||| 00| 0 bu d |
| 020 ## - Международен стандартен номер на книга ISBN | |
| Международен стандартен номер на книга ISBN | 9786191994823 |
| 020 ## - Международен стандартен номер на книга ISBN | |
| Международен стандартен номер на книга ISBN | 3800083826446 |
| 040 ## - Източник на каталожния запис | |
| Идентификатор на билиотеката - собственик на записа | BLK |
| 041 ## - Код за език | |
| Код за езика на текст/звукозапис или на отделно заглавие | Български |
| Код за езика КДБФ | Български |
| 080 ## - УДК | |
| Текстов определител УДК | Издания за деца и юноши. Книжки-картинки. Читанки. Вж и 372.4 |
| УДК код - определител по УДК | 087.5 |
| УДК - код + определител | 087.5 |
| 100 ## - Редна дума - Автор | |
| Автор | Дейнс, Кейти |
| Авторска отговорност | първи автор |
| R(LIN) | 1299 |
| 139 ## - Редно поле | |
| Редна дума | Дейнс, Кейти |
| Авторски знак | Деи - Д 34 |
| 245 ## - Сведения за заглавието | |
| Заглавие | Защо трябва да мием зъбите си? |
| Подзаглавни данни | Първи въпроси и отговори |
| Редно поле (дума) | Кейти Дейнс ; ил. Марта Алварес Мигенс ; прев. Албена Раленкова |
| 260 ## - Област на издателските данни | |
| 9 (RLIN) | 209475 |
| Място на издаване, разпространение и проч. | Китай |
| Име на издателя, разпространителя и проч. | Фют |
| Година на издаване | 2019 |
| Издателство - префикс ISBN | 978-619-199- ; 978-954-625- |
| 300 ## - Физическа характеристика | |
| Размери/Мащаб | 20 см |
| Страници | 12 с. |
| Илюстрации и др. | с цв ил. |
| 380 ## - Жанр | |
| Жанр | Детска отраслова лит. |
| 501 ## - Забележка „подвързано към” | |
| Забележка: Подвързано към... | Кор. опис.<br/>Ориг. загл.: Why should I brush my teeth? / Katie Daynes<br/>Името на ил. Марта Алварес Мигенс погрешно отпеч. Марта Арварес Мигенс<br/>Кн. отпеч. на ламиниран картон |
| 700 ## - Други автори (авторска отговорност) | |
| 9 (RLIN) | 599 |
| Лично име | Алварес Мигенс, Марта |
| Автороска отговорност (Описва отношението между автора и произведението) | ил. |
| 700 ## - Други автори (авторска отговорност) | |
| Лично име | Раленкова, Албена Василева |
| Дати, свързани с автора | 1968 - |
| Друга информация | Преводач от английски и френски език. |
| 9 (RLIN) | 368050 |
| 852 ## - Местоположение | |
| Форматна сигнатура | Цб 303932 |
| Фондова буква | Хранилище |
| 999 ## - СИСТЕМНИ КОНТРОЛНИ НОМЕРА | |
| Koha biblionumber | 388805 |
| Koha biblioitemnumber | 388805 |
| 942 ## - АРТИКУЛИ | |
| Вид на библиотечния материал | Книги |
| Скрит в OPAC | Не |
| Периодичен библиозапис | Да |
| Koha issues (borrowed), all copies | 98 |
| 944 ## - СЪЗДАВАНЕ И РЕДАКЦИЯ на ЗАПИСА | |
| Създаване/Редакция | Създаване |
| Дата на регистрацията/редакция | 2020-10-06 |
| Служител, извършил регистрацията/редакцията | 30537 |
| Статус, дата на статуса | Грета Цуфелде |
| 999 ## - СИСТЕМНИ КОНТРОЛНИ НОМЕРА | |
| Koha biblioitemnumber | 388805 |
| 999 ## - СИСТЕМНИ КОНТРОЛНИ НОМЕРА | |
| Koha biblioitemnumber | 388805 |
| 999 ## - СИСТЕМНИ КОНТРОЛНИ НОМЕРА | |
| Koha biblioitemnumber | 388805 |
| Код за отписване | Код за изгубен артикул | Източник на класификационната схема | Код за повреда | Коз за рестрикции | Код за отдаване | Артикулен № | Име на библиотеката - собственик | Име на библиотеката, в която се намира в момента | Статус (Текущо местоположение) | Дата на вписване в системата | Местоположение - отдел | Цена в лева | Систематично азбучна сигнатура | Баркод | Цена в евро | Служебен тип на артикула |
|---|---|---|---|---|---|---|---|---|---|---|---|---|---|---|---|---|
| Не е изгубен | Universal Decimal Classification | Не е повреден | само за читалня | ползва се в читалня | 802650 | Регионална библиотека "Любен Каравелов" Русе | Регионална библиотека "Любен Каравелов" Русе | Хранилище | 2020-10-06 | Хранилище | 7.00 | Цб 303932 | 120000848752 | 3.58 | Книги | |
| Не е изгубен | Universal Decimal Classification | Не е повреден | без рестрикции | заемане за дома | 816532 | Регионална библиотека "Любен Каравелов" Русе | Регионална библиотека "Любен Каравелов" Русе | Детски отдел | 2021-03-17 | Детски отдел | 8.72 | 0/Д 34 К | 120000853718 | 4.46 | Книги | |
| Не е изгубен | Universal Decimal Classification | Не е повреден | без рестрикции | заемане за дома | 816533 | Регионална библиотека "Любен Каравелов" Русе | Регионална библиотека "Любен Каравелов" Русе | Детски отдел | 2021-03-17 | Детски отдел | 8.72 | 0/Д 34 К | 120000853719 | 4.46 | Книги | |
| Не е изгубен | Universal Decimal Classification | Не е повреден | без рестрикции | заемане за дома | 862052 | Регионална библиотека "Любен Каравелов" Русе | Регионална библиотека "Любен Каравелов" Русе | Детски отдел | 2021-11-16 | Детски отдел | 8.18 | 087.5/Д 34 К | 120000862581 | 4.18 | Книги | |
| Не е изгубен | Universal Decimal Classification | Не е повреден | без рестрикции | заемане за дома | 862053 | Регионална библиотека "Любен Каравелов" Русе | Регионална библиотека "Любен Каравелов" Русе | Детски отдел | 2021-11-16 | Детски отдел | 8.18 | 087.5/Д 34 К | 120000862580 | 4.18 | Книги |